| 000 | 00738nam a2200241 a 4500 | ||
|---|---|---|---|
| 005 | 20210219152857.0 | ||
| 008 | 991125n 000 0 u | ||
| 035 | _aUPN01000064779 | ||
| 100 | _aPlante, Thomas G. | ||
| 222 | _aJOURNAL OF SCHOOL PSYCHOLOGY | ||
| 245 | _aAre stress and coping associated with aptitude and achievement testing performance among children? A preliminary investigation | ||
| 300 | _a259-266 | ||
| 362 | _a31, No. 2, 1993 | ||
| 505 | _aDiciembre 1993 | ||
| 653 | 0 | _aALBARDILLA | |
| 653 | 0 | _aPRUEBAS DE APTITUD | |
| 653 | 0 | _aPRUEBAS DE RENDIMINETO | |
| 653 | 0 | _aVARIABLES DEL ESTRES | |
| 700 | _aGoldfarb, Lori Plante | ||
| 700 | _aWadley, Virginia | ||
| 904 |
_aAC _b002590 |
||
| 905 | _aArticulo | ||
| 999 |
_c62726 _d62726 |
||